000 00741cam a22002415a 4500
001 L154951
008 120209s2012 xxko f 000 0 eng d
020 _a9781848062405
035 _a(Sirsi) u154951
041 0 _aeng
100 1 _aPout, Christine
245 0 0 _aPotential for reducing carbon emissions from commercial and public-sector buildings
260 _aWatford
_bBRE
_c2012
300 _a12p.
_bill.
_c30cm.
490 0 _aBRE Information Paper
_v(3/12)
520 _aExplores the non-domestic building sector and highlights potential areas for the reduction of CO2 emissions.
521 _aAdvanced
590 _aKA
651 4 _aUnited Kingdom
_y
690 _aEnergy
_96237
700 1 _aMacKenzie, Fiona
942 _n0
999 _c113255
_d113255